|
|
|
|
| LEADER |
01048nam a2200277 a 4500 |
| 001 |
4512 |
| 003 |
BD-DhAAL |
| 005 |
20150315115550.0 |
| 008 |
150315s1998 nyua b 001 0 eng |
| 010 |
|
|
|a 97032984
|
| 020 |
|
|
|a 0684838354
|
| 040 |
|
|
|a DLC
|c DLC
|d DLC
|d BD-DhAAL
|
| 050 |
0 |
0 |
|a HD58.8
|b .P368 1998
|
| 082 |
0 |
0 |
|a 658.4/063
|2 21
|
| 100 |
1 |
|
|a Pasternack, Bruce A.
|9 9672
|
| 245 |
1 |
4 |
|a The centerless corporation :
|b a new model for transforming your organization for growth and prosperity /
|c Bruce A. Pasternack and Albert J. Viscio.
|
| 260 |
|
|
|a New York, NY :
|b Simon & Schuster,
|c c1998.
|
| 300 |
|
|
|a 312 p. :
|b ill. ;
|c 25 cm.
|
| 504 |
|
|
|a Includes bibliographical references (p. [291]-297) and index.
|
| 541 |
|
|
|e 4512
|
| 650 |
|
0 |
|a Organizational change.
|9 9673
|
| 650 |
|
0 |
|a Management.
|9 9674
|
| 700 |
1 |
|
|a Viscio, Albert J.
|9 9675
|
| 942 |
|
|
|2 ddc
|c BK
|
| 999 |
|
|
|c 34048
|d 34048
|
| 952 |
|
|
|0 0
|1 0
|2 ddc
|4 0
|6 658_400000000000000_063_PAS
|7 0
|9 53139
|a SCL
|b SCL
|c GEN
|d 2015-03-15
|g 1150.00
|l 0
|o 658.4063 PAS
|p 3020004512
|r 2015-03-15
|t 1
|w 2015-03-15
|y BK
|